| 000 | 00634nam a2200217 a 4500 | ||
|---|---|---|---|
| 001 | 1283 | ||
| 003 | BR-CuiBMT | ||
| 005 | 20231205194330.0 | ||
| 008 | 231204s2000 mtba 000 0 por d | ||
| 040 |
_aBR-CuiBMT _cBR-CuiBMT |
||
| 080 |
_22007 _a94 _x(817.2) |
||
| 090 |
_a94(817.2) _bC966 |
||
| 245 | 0 | 0 |
_aCuiabá : _buma janela para a história / _cBernadete Durães Araújo, organizadora. |
| 246 | 1 | 2 | _aA window into history |
| 260 |
_aCuiabá : _bB. D. Araújo, _c2000. |
||
| 300 |
_a96 p. : _bil. color. ; |
||
| 650 |
_aCuiabá _vHistória |
||
| 650 |
_aArquitetura _zCuiabá |
||
| 650 |
_aFotografias _zCuiabá |
||
| 942 |
_2udc _cLV |
||
| 999 |
_c1283 _d1283 |
||